00000000nam 2200000za 4500
0019.860087
003CaOODSP
00520250217151540
007cr |||||||||||
008181210s2018    quca    o    f000 0 ||| d
020 |a9780660274805
040 |aCaOODSP|beng
041 7|aikt|2iso639-3
043 |an-cn---
0861 |aEm4-18/2017Ikt-PDF|zEm4-18/2017Inq-PDF
24500|a[Canada Learning Bond |h[electronic resource] : |bget $500 for your child’s future].
250 |a[Inuinnaqtun edition].
260 |a[Gatineau, QC] : |bEmployment and Social Development Canada, |cc2018.
300 |a[2] p. : |bcol. ill.
500 |aCover title.
500 |aEnglish title supplied by the publisher.
500 |aIssued also in English under title: Canada Learning Bond: get $500 for your child’s future.
530 |aIssued also in print format.
546 |aText in Inuinnaqtun.
69207|2gccst|aPostsecondary education
69207|2gccst|aGrants
7101 |aCanada. |bEmployment and Social Development Canada.
77508|tCanada Learning Bond |w(CaOODSP)9.838788
7760#|tCanada Learning Bond : |w(CaOODSP)9.860089
792 |t[Bon d'études canadien |efre|w(CaOODSP)9.860090
85640|qPDF|s533 KB|uhttps://publications.gc.ca/collections/collection_2018/edsc-esdc/Em4-18-2017-inq.pdf